Gaming Quiz

Random Gaming or Pokémon Quiz

Pokémon Caves Quiz Stats

 Plays Quiz not verified by Sporcle

Challenge
Share
Tweet
Embed
Score 0/76 Timer 20:00
0 Plays Today
Region Answer % Correct
KantoMt. Moon
89.4%
KantoVictory Road
85.1%
HoennVictory Road
85.1%
SinnohVictory Road
85.1%
UnovaVictory Road (BW)
85.1%
UnovaVictory Road (B2W2)
85.1%
KalosVictory Road
85.1%
KantoRock Tunnel
70.2%
KantoCerulean Cave
66%
JohtoDark Cave
66%
KantoDiglett's Cave
61.7%
HoennGranite Cave
53.2%
KantoSeafoam Islands
51.1%
JohtoMt. Silver
51.1%
JohtoIce Path
48.9%
HoennRusturf Tunnel
48.9%
SinnohMt. Coronet
48.9%
UnovaChargestone Cave
46.8%
AlolaMount Lanakila
44.4%
JohtoUnion Cave
42.6%
HoennFiery Path
42.6%
JohtoMt. Mortar
40.4%
SinnohTurnback Cave
40.4%
Kanto (Sevii Islands)Altering Cave
38.3%
HoennShoal Cave
38.3%
HoennAltering Cave
38.3%
HoennMeteor Falls
36.2%
SinnohStark Mountain
36.2%
KalosReflection Cave
34%
AlolaDiglett's Tunnel
34%
HoennCave of Origin
31.9%
SinnohSolaceon Ruins
31.9%
JohtoSlowpoke Well
29.8%
HoennScorched Slab
29.8%
HoennTerra Cave
29.8%
SinnohOreburgh Gate
29.8%
SinnohOreburgh Mine
29.8%
SinnohWayward Cave
29.8%
Region Answer % Correct
SinnohIron Island
29.8%
UnovaTwist Mountain
29.8%
Kanto (Sevii Islands)Lost Cave
27.7%
HoennArtisan Cave
27.7%
UnovaGiant Chasm
27.7%
JohtoWhirl Islands
25.5%
HoennMarine Cave
25.5%
UnovaMistralton Cave
25.5%
UnovaReversal Mountain
25.5%
JohtoDragon's Den
23.4%
HoennSeafloor Cavern
23.4%
SinnohRavaged Path
23.4%
SinnohManiac Tunnel
23.4%
UnovaClay Tunnel
23.4%
KalosGlittering Cave
23.4%
AlolaRuins of Life
22.2%
AlolaVast Poni Canyon
22.2%
AlolaRuins of Hope
22.2%
HoennDesert Underpass
19.1%
UnovaChallenger's Cave
19.1%
UnovaSeaside Cave
19.1%
UnovaWellspring Cave
19.1%
UnovaRelic Passage
17%
UnovaCave of Being
17%
KalosTerminus Cave
17%
AlolaRuins of Abundance
16.7%
AlolaResolution Cave
16.7%
Kanto (Sevii Islands)Icefall Cave
12.8%
KalosConnecting Cave
12.8%
KalosChamber of Emptiness
12.8%
AlolaVerdant Cavern
12.8%
JohtoCliff Edge Gate
10.6%
JohtoCliff Cave
10.6%
KalosFrost Cavern
8.5%
AlolaTen Carat Hill
8.5%
KalosSea Spirit's Den
6.4%
AlolaSeaward Cave
6.4%
AlolaRuins of Conflict
6.4%

You're not logged in!

Compare scores with friends on all Sporcle quizzes.
OR
Log In

You Might Also Like...

Show Comments

Extras

Created Jul 27, 2016ReportNominate
Tags:Pokémon Quiz, cave, region, tunnel

Top Quizzes Today


Score Distribution

Your Account Isn't Verified!

In order to create a playlist on Sporcle, you need to verify the email address you used during registration. Go to your Sporcle Settings to finish the process.

Report this User

Report this user for behavior that violates our Community Guidelines.

Details: